[Event "Maringa op 1st"]
[White "Fernades, Pablo Nishimura Ca"]
[Black "Azanha, Luiz Mauricio"]
[Site "Maringa"]
[Round "6"]
[Result "0-1"]
[Date "2024.07.28"]
[WhiteElo "1800"]
[BlackElo "1800"]
[PlyCount "100"]
[EventDate "2024.07.26"]
[EventType "swiss"]
[EventRounds "6"]
[EventCountry "BRA"]
[SourceTitle "CBM 221 Extra"]
[Source "ChessBase"]
[SourceDate "2024.09.30"]
[SourceVersion "1"]
[SourceVersionDate "2024.09.30"]
[SourceQuality "1"]

1. e4 e5 2. Nf3 Nf6 3. Nc3 Nc6 4. Bc4 Nxe4 5. Nxe4 d5 6. Bd3 dxe4 7. Bxe4 Nd4 8. Nxd4 exd4 9. d3 Bb4+ 10. Bd2 Bxd2+ 11. Qxd2 0-0 12. 0-0 c6 13. Rfe1 Be6 14. Rad1 Bxa2 15. h3 Bd5 16. Bxd5 Qxd5 17. c4 dxc3 18. bxc3 Rfe8 19. Rxe8+ Rxe8 20. Re1 Rxe1+ 21. Qxe1 h6 22. Qe8+ Kh7 23. Qa8 Qxd3 24. Qxa7 Qxc3 25. Qxb7 f6 26. Qb1+ Kg8 27. Qb8+ Kf7 28. Qc7+ Kg6 29. Kh2 Qe5+ 30. Qxe5 fxe5 31. g3 Kf5 32. Kg2 Ke4 33. Kf1 Kd3 34. Ke1 e4 35. Kd1 e3 36. fxe3 Kxe3 37. Ke1 c5 38. g4 g5 39. Kf1 Kd2 40. Kf2 c4 41. Kf3 c3 42. Ke4 c2 43. Kd4 c1Q 44. Ke4 Qc5 45. Kf3 Qd4 46. Kg3 Qe3+ 47. Kg2 Ke2 48. Kh1 Kf2 49. Kh2 Qg3+ 50. Kh1 Qxh3# 0-1

[Event "Maringa op 1st"]
[White "Azanha, Luiz Mauricio"]
[Black "Onishi, Getulio Issamu"]
[Site "Maringa"]
[Round "3"]
[Result "0-1"]
[Date "2024.07.27"]
[WhiteElo "1800"]
[BlackElo "1625"]
[PlyCount "107"]
[EventDate "2024.07.26"]
[EventType "swiss"]
[EventRounds "6"]
[EventCountry "BRA"]
[SourceTitle "CBM 221 Extra"]
[Source "ChessBase"]
[SourceDate "2024.09.30"]
[SourceVersion "1"]
[SourceVersionDate "2024.09.30"]
[SourceQuality "1"]

1. e4 c6 2. d4 d5 3. exd5 cxd5 4. c4 Nf6 5. Bg5 e6 6. cxd5 exd5 7. Qe2+ Be6 8. Nc3 Bb4 9. Qb5+ Nc6 10. 0-0-0 Bxc3 11. bxc3 0-0 12. Bd3 h6 13. h4 hxg5 14. hxg5 Ne4 15. Bxe4 Qxg5+ 16. Rd2 g6 17. f3 Rab8 18. Qe2 Rbc8 19. g4 dxe4 20. Qh2 Kg7 21. Qh7+ Kf6 22. fxe4 Nxd4 23. e5+ Ke7 24. Qh2 Rxc3+ 25. Kb2 Rc4 26. Qh4 Qxh4 27. Rxh4 Rfc8 28. Rhh2 b5 29. Rhg2 Nc6 30. Rde2 Bxg4 31. Rxg4 Rxg4 32. Nf3 Nd4 33. Nxd4 Rxd4 34. a3 Rcd8 35. Kb3 Ke6 36. Kc3 R4d5 37. Kb4 Rc8 38. Ka5 Rc4 39. Ka6 Ra4+ 40. Kb7 Rxa3 41. Rc2 Kxe5 42. Re2+ Kf6 43. Rc2 a5 44. Rc6+ Kg7 45. Rc7 b4 46. Rc2 b3 47. Rb2 a4 48. Kc6 Ra2 49. Rb1 b2 50. Kxd5 a3 51. Re1 Ra1 52. Re7 Rd1+ 53. Kc6 b1Q 54. Kc7 0-1